একাত্তরের চুয়াডাঙ্গা / (Record no. 28950)
[ view plain ]
| 000 -LEADER | |
|---|---|
| fixed length control field | 00983nam a22001817a 4500 |
| 003 - CONTROL NUMBER IDENTIFIER | |
| control field | BDDh-ASL |
| 005 - DATE AND TIME OF LATEST TRANSACTION | |
| control field | 20231015031003.0 |
| 008 - FIXED-LENGTH DATA ELEMENTS--GENERAL INFORMATION | |
| fixed length control field | 220619s2002 b ||||| |||| 00| 0 b d |
| 040 ## - CATALOGING SOURCE | |
| Transcribing agency | BDDh-ASL |
| 082 ## - DEWEY DECIMAL CLASSIFICATION NUMBER | |
| Classification number | 954.9205 |
| Item number | EKT |
| 245 0# - TITLE STATEMENT | |
| Title | একাত্তরের চুয়াডাঙ্গা / |
| 246 ## - VARYING FORM OF TITLE | |
| Title proper/short title | Ekattorer Chuadanga. |
| 260 ## - PUBLICATION, DISTRIBUTION, ETC. | |
| Place of publication, distribution, etc. | চুয়াডাঙ্গা: |
| Name of publisher, distributor, etc. | চুয়াডাঙ্গা সাহিত্য পরিষদ, |
| Date of publication, distribution, etc. | ২০০২। |
| 300 ## - PHYSICAL DESCRIPTION | |
| Extent | ৫৯ পৃষ্ঠা: |
| Dimensions | ২২ সে.মি. |
| 650 #0 - SUBJECT ADDED ENTRY--TOPICAL TERM | |
| Topical term or geographic name entry element | মুক্তিযুদ্ধের ইতিহাস (Liberation War of Bangladesh) Muktijuddher Itihash, Ekattor, একাত্তর, মুক্তিযুদ্ধ |
| General subdivision | মুক্তিযুদ্ধ (Muktijuddha) |
| Chronological subdivision | 1971 |
| Geographic subdivision | Bangladesh (বাংলাদেশ) |
| -- | India (ভারত) |
| -- | Pakistan (পাকিস্তান) |
| 9 (RLIN) | 936 |
| 700 1# - ADDED ENTRY--PERSONAL NAME | |
| 9 (RLIN) | 4648 |
| Personal name | আহমেদ, রাজিব |
| 942 ## - ADDED ENTRY ELEMENTS (KOHA) | |
| Source of classification or shelving scheme | Dewey Decimal Classification |
| Koha item type | Books |
| Withdrawn status | Lost status | Source of classification or shelving scheme | Damaged status | Not for loan | Collection code | Home library | Current library | Shelving location | Date acquired | Source of acquisition | Total Checkouts | Full call number | Barcode | Date last seen | Copy number | Price effective from | Koha item type |
|---|---|---|---|---|---|---|---|---|---|---|---|---|---|---|---|---|---|
| Dewey Decimal Classification | Non-fiction | Asiatic Society Library | Asiatic Society Library | General Stacks | 06/19/2022 | ASB Library Collection | 954.9205 EKT | 117065 | 06/19/2022 | C-1 | 06/19/2022 | Books |